000 02495cam a2200529 a 4500
001 sjds378760
003 sjds
005 20180805215627.0
008 080529t20092009nyua j 000 0beng
010 _a 2008019125
020 _a9780061227790
020 _a006122779X
020 _a9780061227790
_c$17.99
020 _a006122779X
_c$17.99
035 _a(OCoLC)229746874
040 _aDLC
_cDLC
_dIG#
_dBTCTA
_dBAKER
_dJP3
_dIF9
_dSAP
_dXY4
_dGK8
_dEHH
_dVP@
_dGO3
_dYDXCP
_dOCLCQ
_dJQF
_dUtOrBLW
041 0 _aeng
_aspa
049 _aIFAA
099 _a92
_f2009
100 1 _aBrown, Monica,
_d1969-
_eauthor.
245 1 0 _aPelé, el rey del fútbol =
_bPelé, king of soccer /
_cby Monica Brown ; illustrated by Rudy Gutierrez ; translated by Fernando Gayesky.
246 3 1 _aPelé, king of soccer
246 3 0 _aKing of soccer
246 3 0 _aRey del fútbol
250 _aFirst edition.
260 _aNew York :
_bRayo,
_cc2009
264 1 _aNew York :
_bRayo,
_c[2009]
264 4 _cc2009
300 _a1 volume (unpaged) :
_bcolor illustrations ;
_c26 cm
336 _atext
_btxt
_2rdacontent
337 _aunmediated
_bn
_2rdamedia
338 _avolume
_bnc
_2rdacarrier
520 _aDo you know how a poor boy from Brazil who loved futbol more than anything else became the biggest soccer star the world has ever known? Turn the pages of this book to read the true life story of Pele, King of Soccer, the first man in the history of the sport to score a thousand goals and become a living legend.
520 0 _aSabes cómo un niño brasileño pobre que amaba el fútbol más que nada en el mundo se convirtió en la estrella más importante del deporte? Lee este relato y entérate de la historia de Pelé, El Rey de Fútbol; el primer hombre en la historia del deporte capaz de marcar mil goles y convertirse en una leyenda viva.
521 1 _a"Ages: 4-8"--Jacket.
521 8 _aAD 820
_bLexile
526 0 _aAccelerated Reader
_bLG
_c3.5
_d0.5
_z127969
546 _aIn English and Spanish.
600 0 0 _aPelé,
_d1940-
_vJuvenile literature.
600 1 7 _aPelé,
_d1940-
_vLiteratura juvenil.
_2bidex
650 0 _aSoccer players
_zBrazil
_vBiography
_vJuvenile literature.
650 0 _aSpanish language materials
_xBilingual
_vJuvenile literature.
650 7 _aJugadores de fútbol
_zBrasil
_vBiografía
_vLiteratura juvenil.
_2bidex
650 7 _aMateriales bilingües en español
_vLiteratura juvenil.
_2bidex
700 1 _aGutierrez, Rudy,
_eillustrator.
942 _cBK
_2ddc
999 _c18965
_d18965